Statistics for Canadian Cities By Province #3

Click here to take the quiz!

General Stats

  • This quiz has been taken 14 times
  • The average score is 12 of 15

Answer Stats

City Province / Territory % Correct
OttawaOntario
100%
TorontoOntario
100%
SaskatoonSaskatchewan
100%
ReginaSaskatchewan
89%
MontrealQuebec
89%
Niagara FallsOntario
89%
KelownaBritish Columbia
78%
VictoriaBritish Columbia
78%
CalgaryAlberta
78%
Swift CurrentSaskatchewan
67%
MerrittBritish Columbia
67%
SummersidePrince Edward Island
56%
Mount PearlNewfoundland and Labrador
56%
Medicine HatAlberta
56%
LethbridgeAlberta
56%

Score Distribution

Percentile by Number Answered

Percent of People with Each Score

Your Score History

You have not taken this quiz